<?xml version="1.0" encoding="UTF-8"?>
<record
    xmlns:xsi="http://www.w3.org/2001/XMLSchema-instance"
    xsi:schemaLocation="http://www.loc.gov/MARC21/slim http://www.loc.gov/standards/marcxml/schema/MARC21slim.xsd"
    xmlns="http://www.loc.gov/MARC21/slim">

  <leader>00829nam a22001697a 4500</leader>
  <controlfield tag="008">110908t2007    xxu||||g |||| 000 0 ara d</controlfield>
  <datafield tag="082" ind1=" " ind2=" ">
    <subfield code="2">22</subfield>
    <subfield code="a">398.2</subfield>
    <subfield code="b">&#x64A; &#x648; &#x633; </subfield>
  </datafield>
  <datafield tag="100" ind1=" " ind2=" ">
    <subfield code="9">27077</subfield>
    <subfield code="a">&#x64A;&#x648;&#x633;&#x641;&#x60C;&#x645;&#x62D;&#x645;&#x62F; &#x641;&#x62A;&#x62D;&#x649; &#x645;&#x62A;&#x648;&#x644;&#x649;</subfield>
  </datafield>
  <datafield tag="245" ind1=" " ind2=" ">
    <subfield code="a">&#x627;&#x633;&#x62A;&#x644;&#x647;&#x627;&#x645;&#x627;&#x644;&#x62A;&#x631;&#x627;&#x62B; &#x627;&#x644;&#x634;&#x639;&#x628;&#x649; &#x641;&#x649; &#x627;&#x644;&#x645;&#x633;&#x631;&#x62D; &#x627;&#x644;&#x633;&#x648;&#x62F;&#x627;&#x646;&#x649;&#x641;&#x649; &#x627;&#x644;&#x641;&#x62A;&#x631;&#x629; 1967-1985 /</subfield>
    <subfield code="c">&#x645;&#x62D;&#x645;&#x62F; &#x641;&#x62A;&#x62D;&#x649; &#x645;&#x62A;&#x648;&#x644;&#x649; &#x64A;&#x648;&#x633;&#x641;</subfield>
  </datafield>
  <datafield tag="260" ind1=" " ind2=" ">
    <subfield code="a">&#x627;&#x644;&#x642;&#x627;&#x647;&#x631;&#x629;:</subfield>
    <subfield code="b">&#x627;&#x644;&#x647;&#x64A;&#x626;&#x629; &#x627;&#x644;&#x645;&#x635;&#x631;&#x64A;&#x629; &#x627;&#x644;&#x639;&#x627;&#x645;&#x629; &#x644;&#x644;&#x643;&#x62A;&#x627;&#x628;&#x60C;2007.</subfield>
    <subfield code="c">2007.</subfield>
  </datafield>
  <datafield tag="300" ind1=" " ind2=" ">
    <subfield code="a">444&#x635;&#x60C;</subfield>
    <subfield code="c">24&#x633;&#x645;.</subfield>
  </datafield>
  <datafield tag="650" ind1=" " ind2=" ">
    <subfield code="9">27078</subfield>
    <subfield code="a">&#x627;&#x644;&#x623;&#x62F;&#x628; &#x627;&#x644;&#x634;&#x639;&#x628;&#x649;</subfield>
    <subfield code="z">&#x627;&#x644;&#x633;&#x648;&#x62F;&#x627;&#x646;</subfield>
  </datafield>
  <datafield tag="650" ind1=" " ind2=" ">
    <subfield code="9">17542</subfield>
    <subfield code="a">&#x627;&#x644;&#x623;&#x62F;&#x628; &#x627;&#x644;&#x634;&#x639;&#x628;&#x649; </subfield>
    <subfield code="y">&#x62A;&#x627;&#x631;&#x64A;&#x62E; &#x648; &#x646;&#x642;&#x62F;</subfield>
  </datafield>
  <datafield tag="653" ind1=" " ind2=" ">
    <subfield code="b">General</subfield>
    <subfield code="c">September2011</subfield>
  </datafield>
  <datafield tag="942" ind1=" " ind2=" ">
    <subfield code="2">ddc</subfield>
    <subfield code="c">BB</subfield>
  </datafield>
  <datafield tag="999" ind1=" " ind2=" ">
    <subfield code="c">15978</subfield>
    <subfield code="d">15978</subfield>
  </datafield>
  <datafield tag="952" ind1=" " ind2=" ">
    <subfield code="0">0</subfield>
    <subfield code="1">0</subfield>
    <subfield code="2">ddc</subfield>
    <subfield code="4">0</subfield>
    <subfield code="7">0</subfield>
    <subfield code="8"> </subfield>
    <subfield code="a">MAIN</subfield>
    <subfield code="b">MAIN</subfield>
    <subfield code="c">1ST</subfield>
    <subfield code="d">2011-09-08</subfield>
    <subfield code="e">Purchase</subfield>
    <subfield code="o">398.2 &#x64A; &#x648; &#x633;</subfield>
    <subfield code="p">000024401</subfield>
    <subfield code="r">2025-07-15 00:00:00</subfield>
    <subfield code="y">BB</subfield>
  </datafield>
</record>
